Statistiken für Länder Europas - Sprachen

Klicken Sie hier um das Quiz zu spielen!

Allgemein

  • Dieses Quiz wurde 899 mal gespielt
  • Das Durchschnittsergebnis liegt bei 50 aus 60

Antwortstatistiken

LandSprachen% Korrekt
ÖsterreichDeutsch
100%
DeutschlandDeutsch
100%
BelgienDeutsch
100%
LiechtensteinDeutsch
100%
LuxemburgDeutsch
100%
SchweizDeutsch
100%
FrankreichFranzösisch
99%
MonacoFranzösisch
99%
Französisch
99%
Französisch
99%
Französisch
99%
Vereinigtes KönigreichEnglisch
97%
MaltaEnglisch
97%
IrlandEnglisch
97%
ItalienItalienisch
96%
San MarinoItalienisch
96%
Italienisch
96%
VatikanstadtItalienisch
96%
KosovoAlbanisch
95%
AlbanienAlbanisch
95%
SpanienSpanisch
95%
KroatienKroatisch
94%
Kroatisch
94%
RusslandRussisch
94%
WeißrusslandRussisch
94%
FinnlandFinnisch
93%
Serbisch
93%
SerbienSerbisch
93%
Serbisch
93%
DänemarkDänisch
91%
SchwedenSchwedisch
90%
Schwedisch
90%
Niederländisch
89%
NiederlandeNiederländisch
89%
BulgarienBulgarisch
88%
NorwegenNorwegisch
86%
PolenPolnisch
86%
GriechenlandGriechisch
85%
IslandIsländisch
85%
RumänienRumänisch
85%
MoldawienRumänisch
85%
LettlandLettisch
84%
SlowenienSlowenisch
78%
TschechienTschechisch
78%
PortugalPortugiesisch
77%
UngarnUngarisch
77%
UkraineUkrainisch
75%
Bosnien und HerzegowinaBosnisch
74%
SlowakeiSlowakisch
74%
Irisch
72%
LitauenLitauisch
72%
MazedonienMazedonisch
70%
EstlandEstnisch
55%
Latein
47%
Maltesisch
47%
Luxemburgisch
44%
Weißrussisch
42%
AndorraKatalanisch
33%
Rätoromanisch
30%
MontenegroMontenegrinisch
22%

Verteilung der Resultate

Perzentil nach korrekt beantworteten Fragen

Anzahl Personen mit jedem Resultat

Ihre Resultats-Entwicklung

Sie haben dieses Quiz noch nicht gespielt